000
00211 a2200097 4500
001
29872
100
_a
Kumar K L
245
_a
Engineering fluid mechanics
260
_a
_b
Eurasia N D
_c
090
_c
19871
_d
19871
942
_a
NUST-CAE
_c
M
_c
10970
999
_c
264945
_d
264945